EPIC The Musical : Luck Runs Out - Statistiques

Statistiques générales
  • Ce quiz a été pris 42 fois
  • Le résultat moyen est 332 sur 386
Statistiques - réponses
Hint Réponse % Correct
a
100%
Eurylochus | Odysseus And
100%
and
100%
die
100%
have
100%
Odysseus Have
100%
Eurylochus & Crew | Odysseus How
100%
| Eurylochus & Crew how
100%
| Eurylochus | Odysseus I
100%
luck
100%
of
100%
on
100%
runs
100%
Eurylochus We
100%
we
100%
whoa
100%
you
100%
Eurylochus | Eurylochus & Crew You
100%
be
97%
but
97%
But
97%
can
97%
do
97%
for
97%
in
97%
In
97%
it,
97%
it
97%
me
97%
out?
97%
see
97%
the
97%
This
97%
this
97%
′til
97%
'til
97%
We′re
97%
we're
97%
your
97%
can′t
93%
can't
93%
god
93%
longer
93%
many
93%
| Eurylochus much
93%
Odysseus Thank
93%
that
93%
to
93%
wind
93%
all
90%
before?
90%
don′t
90%
Don′t
90%
is
90%
island
90%
islands
90%
know
90%
seen
90%
sure
90%
tell
90%
we′ll
90%
what
90%
wit,
90%
you′ll
90%
are
87%
Eurylochus Captain,
87%
'em
87%
home
87%
men
87%
Okay?
87%
Eurylochus Okay
87%
plan?
87%
six
87%
them
87%
there
87%
think
87%
you're
87%
You′re
87%
aside
83%
ask
83%
brother
83%
brother,
83%
could
83%
doubt
83%
floating
83%
gonna
83%
hundred
83%
Odysseus I′m
83%
Or
83%
private
83%
sky
83%
war
83%
about
80%
climb
80%
died
80%
gods
80%
goes
80%
legends
80%
let
80%
like
80%
need
80%
one
80%
Our
80%
Eurylochus Please
80%
talk
80%
took
80%
true
80%
we've
80%
we′ve
80%
what's
80%
with
80%
each
77%
friend,
77%
friend?
77%
from
77%
from,
77%
hand
77%
just
77%
never
77%
people
77%
pull
77%
rely
77%
show
77%
will
77%
Eurylochus Yes,
77%
Odysseus You've
77%
almost
73%
always
73%
another
73%
assure
73%
case
73%
come
73%
done
73%
end
73%
faith,
73%
figure
73%
If
73%
journey
73%
life
73%
reminder
73%
still
73%
then
73%
top
73%
understand
73%
without
73%
believe
70%
down?
70%
far
70%
forget
70%
heard
70%
my
70%
needed
70%
not
70%
off
70%
speak
70%
tired,
70%
wanna
70%
when
70%
Odysseus Where
70%
concern,
67%
dangerous
67%
proves
67%
route
67%
south?
67%
they're
67%
apart?
63%
coming
63%
free?
63%
goodness
63%
guard
63%
kind
63%
more,
63%
seeds
63%
already
60%
breaks
60%
fall
60%
heart,
60%
Lead
60%
planting
60%
us
60%
you'd
60%
caught
57%
suddenly,
57%
faced
53%
snake
53%
devout
50%
lose
50%
piss
50%
tears
50%
fazed
47%
comply
43%
days
37%
leave?
37%
great
33%
infuse
33%
starts
33%
cease?
30%
disagreeing
30%
takes
27%
strength
23%
strife
20%
Aucun quiz correspondant
Distribution des résultats
% des personnes avec chaque résultat
Percentile par nombre de réponses
Votre historique - résultats
Vous n’avez pas pris ce quiz